000 00464nam a2200181Ia 4500
008 090630s9999 xx 000 0 und d
082 _b21363
100 _aChari Aditya N.
245 _aPortrait Techniques.
_cChari Aditya N.
260 _bGrace Park -Girgaon.
_c2001
300 _a64
600 _aChari Aditya N.
630 _aPortrait Techniques.
655 _aEnglish.
700 _aChari Aditya N.
730 _aPortrait Techniques.
942 _cBOOK
999 _c273219
_d273219